000 00634nam a2200181 a 4500
005 20140217100015.0
008 140217b2009 xxu||||| |||| 00| 0 spa d
041 _aspa
044 _ack
090 _aIAVH
_b01337
100 _aArmero, Sandra Milena
_96230
245 _aPlan de manejo del Páramo de Chiles
_benfoque y avances en la formulación del Plan Participativo de manejo y conservación del Páramo de Chiles
260 _aBogotá
_bInstituto de Investigación de Recursos Biológicos Alexander von Humboldt
_c2009?
300 _a9 p.
662 _cPáramo de Chiles
_dCumbal
_bNariño
942 _cImpreso
_2z
945 _dLER
999 _c6924
_d6924